Statistiques concernant Harry Potter - STUDENTS (FRANÇAIS)

Cliquez ici pour prendre le quiz!

Statistiques générales

  • Ce quiz a été pris 1 038 fois
  • Le résultat moyen est 19 sur 34

Statistiques - réponses

PrénomNom% Correct
HarryPotter
100%
HermioneGranger
99%
CharlieWeasley
99%
PercyWeasley
99%
GinnyWeasley
99%
RonWeasley
99%
FredWeasley
99%
GeorgeWeasley
99%
BillWeasley
99%
LunaLovegood
89%
DragoMalefoy
86%
PansyParkinson
74%
VincentCrabbe
69%
GregoryGoyle
68%
BlaiseZabini
56%
ChoChang
55%
DeanThomas
54%
SeamusFinnigan
53%
OlivierDubois
48%
LavandeBrown
44%
NevilleLongdubat
35%
MillicentBullstrode
29%
CedricDiggory
29%
TheodoreNott
29%
VictorKrum
28%
ColinCrivey
25%
DaphnéGreengrass
24%
AstoriaGreengrass
24%
PadmaPatil
23%
ParvatiPatil
23%
CormacMcLaggen
20%
LeeJordan
18%
AngelinaJohnson
9%
FleurDelacourt
6%

Distribution des résultats

Percentile par nombre de réponses

% des personnes avec chaque résultat

Votre développement - résultats

Vous n’avez pas pris ce quiz